O grande amigo de Deus (Record no. 93)

MARC details
000 -LÍDER
campo de controle de tamanho fixo 01253nam a2200337 4500
001 - NÚMERO DE CONTROLE
campo de controle 93
003 - IDENTIFICADOR DO NÚMERO DE CONTROLE
campo de controle OSt
005 - DATA E HORÁRIO DA ÚLTIMA TRANSAÇÃO
campo de controle 20250528074011.0
008 - CAMPO DE DADOS FIXOS--INFORMAÇÃO GERAL
campo de controle de tamanho fixo 250124b |||||||e |||| 00| 1 eng d
020 ## - ISBN - INTERNATIONAL STANDARD BOOK NUMBER
ISBN - International Standard Book Number 9788501023650
040 ## - FONTE DA CATALOGAÇÃO
Idioma da catalogação por
041 ## - CÓDIGO DE IDIOMA
Código do idioma do original e/ou traduções intermediárias do texto eng
Código do idioma do texto/trilha sonora ou título diferente por
082 ## - CDD - CLASSIFICAÇÃO DECIMAL DE DEWEY
Número de Classificação 922.22
Número do exemplar C147g
100 1# - ENTRADA PRINCIPAL--NOME PESSOAL
Nome pessoal Caldwell, Taylor,
Datas associadas ao nome 1900-1985
9 (RLIN) 206
240 ## - TÍTULO UNIFORME
Título uniforme Great Lion of God
245 ## - TÍTULO
Título O grande amigo de Deus
Restante do título A história de São Paulo /
Indicação de responsabilidade, etc. Caldwell, Taylor ; Tradução de Octávio Alves Velho e José Sanz
250 ## - EDIÇÃO
Declaração de edição 30° edição
260 ## - PUBLICAÇÃO, DISTRIBUIÇÃO, ETC.
Local de publicação, distribuição, etc. Rio de Janeiro
Nome do editor, distribuidor, etc. Record
Data da publicação, distribuição, etc. 2013
300 ## - DESCRIÇÃO FÍSICA
Extensão 700 p.
520 ## - NOTA DE RESUMO, ETC.
Resumo, etc. A vida do apóstolo São Paulo, ou Paulo de Tarso, como era chamado pelos romanos, é romanceada neste livro de Taylor Caldwel. Além do apóstolo, a autora enfatiza o homem, com suas dúvidas e fraquezas. Mostra que ele foi um intelectual, exerceu o Direito e foi um grande teólogo fariseu.
650 #0 - ASSUNTO--TERMO TÓPICO
Cabeçalho tópico ou nome geográfico Literatura Americana
9 (RLIN) 84
650 #0 - ASSUNTO--TERMO TÓPICO
Cabeçalho tópico ou nome geográfico Religião
9 (RLIN) 100
650 #0 - ASSUNTO--TERMO TÓPICO
Cabeçalho tópico ou nome geográfico Histórico
9 (RLIN) 53
650 #0 - ASSUNTO--TERMO TÓPICO
Cabeçalho tópico ou nome geográfico Catolocismo
9 (RLIN) 115
650 #0 - ASSUNTO--TERMO TÓPICO
Cabeçalho tópico ou nome geográfico Experiência de vida
9 (RLIN) 188
655 #0 - TERMO DE ÍNDICE--GÊNERO E FORMA
Gênero/forma/ou termo foco Romance
655 #0 - TERMO DE ÍNDICE--GÊNERO E FORMA
Gênero/forma/ou termo foco Ficção
700 ## - ENTRADA ADICIONADA - NOME PESSOAL
Nome pessoal Octávio Alves Velho
Função do autor por extenso Tradutor
9 (RLIN) 208
700 ## - ENTRADA ADICIONADA - NOME PESSOAL
Nome pessoal José Sanz
Função do autor por extenso Tradutor
9 (RLIN) 209
942 ## - ELEMENTOS DE ENTRADA ADICIONADOS (KOHA)
Fonte de classificação ou esquema de arquivamento Classificação decimal de Dewey
Ocultar no OPAC Não
Tipo de material Koha Livros
Holdings
Situação do descarte Situação das perdas Fonte de classificação ou esquema de arquivamento Status danificado Não pode ser emprestado Coleção Biblioteca de origem Biblioteca atual Localização na estante Data de aquisição Fonte de aquisição Total de empréstimos Número de chamada completo Código de barras Data de último acesso Data do preço efetivo Tipo de material Koha
    Classificação decimal de Dewey     Ficção Biblioteca Professor Eduardo Afonso de Castro Biblioteca Professor Eduardo Afonso de Castro Religiosidades 28.02.2018 doação   922.22 / C147g 2025-15987 23.01.2025 23.01.2025 Livros

Powered by Koha